000 00881cam a22002777a 4500
003 CHAP
005 20220817043319.0
008 971013s1969 r 00010 d
010 _a71539
011 _a72511
035 _a82066
040 _cCHAP
082 _a595.78
_bD39
100 0 0 _aDavis, Donald R.
_931257
245 1 2 _aA revision of the American moths of the family Carposinidae (Lepidoptera : Carposinoidea)
260 _aWashington, D.C. :
_bSmithsonian Institution,
_c1969
300 _a105 p.
_b: ilus.
490 0 _aU.S. National Museum. Bulletin
_v; 289
590 _aBATCH-UPD
_b10
_c20130110
_lUCH01
_h0737
590 _aCONVERSION
_b10
_c20130109
_lUCH01
_h1339
650 1 4 _aCarposina.
_919301
830 0 _aU.S. National Museum Bulletin
_v; 289
901 _aBK
942 _cLIBRO
949 _a595.78 D39
_bBC
_cLIBRO
_d33724000368155
_eLIBRO
_h35397
_i82066
_si
999 _c71539
_d71539